| 000 | 00455nam a2200145 i 4500 | ||
|---|---|---|---|
| 001 | 68214 | ||
| 003 | ES-MaACL | ||
| 007 | t| | ||
| 008 | 040611s1951 sp ||||1| spa d | ||
| 100 | 1 |
_aGarcía, Honorio. _954033 |
|
| 245 | 1 | 0 |
_aSan Vicente en Vich / _cprefacio y texto de Honorio García. |
| 260 |
_aCastellón de la Plana : _b[s.n., _c1951] ( _fTalls. Gráfs. Hijos de F. Armengot) |
||
| 300 |
_a109 p. ; _c21 cm. |
||
| 852 |
_aES-MaACL _jC-8382 _bR.35735 |
||
| 999 |
_c68214 _d68214 |
||